| 000 | 00583nam a2200217Ia 4500 | ||
|---|---|---|---|
| 008 | 160303s9999 xx 000 0 und d | ||
| 020 | _a971-08-6283-9 | ||
| 050 | _aFIL KPM 1220 | ||
| 050 | _b.P37 2003 c.1 | ||
| 100 | _aPasimio, Renato R. | ||
| 245 | _aCommentaries on the labor code of the Philippines / | ||
| 245 | _cRenato R. Pasimio. | ||
| 260 | _aMandaluyong: | ||
| 260 | _bNational Book Store, | ||
| 260 | _c2003 | ||
| 300 | _a356 pages : | ||
| 300 | _billustrations ; | ||
| 300 | _c22 cm. | ||
| 650 | _aLabor laws and legislation -- | ||
| 650 | _xPhilippines. | ||
| 999 |
_c291443 _d291443 |
||